| 000 -LEADER |
| fixed length control field |
00780nam a22002177a 4500 |
| 003 - CONTROL NUMBER IDENTIFIER |
| control field |
OSt |
| 005 - DATE AND TIME OF LATEST TRANSACTION |
| control field |
20250514125619.0 |
| 008 - FIXED-LENGTH DATA ELEMENTS--GENERAL INFORMATION |
| fixed length control field |
180305b xxu||||| |||| 00| 0 spa d |
| 020 ## - INTERNATIONAL STANDARD BOOK NUMBER |
| International Standard Book Number |
9786316622129 |
| 040 ## - CATALOGING SOURCE |
| Transcribing agency |
PJ |
| 100 ## - ASIENTO PRINCIPAL - NOMBRE DE PERSONA |
| Personal name |
Martínez Díaz, Guillermo A. |
| 245 10 - MENCIÓN DE TÍTULO |
| Título propiamente dicho |
Acción civil imprescriptible : |
| Parte restante del título |
reparación de daños causados por delitos de lesa humanidad / |
| Mención de responsabilidad, etc |
Guillermo A. Díaz Martínez. |
| 260 ## - PUBLICATION, DISTRIBUTION, ETC. (IMPRINT) |
| Place of publication, distribution, etc |
San Miguel de Tucumán : |
| Name of publisher, distributor, etc |
Bibliotex, |
| Date of publication, distribution, etc |
2024. |
| 300 ## - DESCRIPCION FISICA |
| Extent |
410 p. |
| Dimensions |
23 cm. |
| 504 ## - NOTA DE BIBLIOGRAFÍA, ETC. |
| Bibliography, etc |
Citas y notas bibliográficas a pie de página. |
| 650 #0 - ASIENTO SECUNDARIO DE MATERIA - TERMINO TEMATICO |
| 9 (RLIN) |
614 |
| Topical term or geographic name as entry element |
DERECHOS HUMANOS |
| 650 #0 - ASIENTO SECUNDARIO DE MATERIA - TERMINO TEMATICO |
| 9 (RLIN) |
331 |
| Topical term or geographic name as entry element |
DERECHO INTERNACIONAL PUBLICO |
| 650 #0 - ASIENTO SECUNDARIO DE MATERIA - TERMINO TEMATICO |
| 9 (RLIN) |
653 |
| Topical term or geographic name as entry element |
DERECHO INTERNACIONAL PENAL |
| 650 #0 - ASIENTO SECUNDARIO DE MATERIA - TERMINO TEMATICO |
| 9 (RLIN) |
6334 |
| Topical term or geographic name as entry element |
CRÍMENES DE LESA HUMANIDAD |
| 942 ## - ADDED ENTRY ELEMENTS (KOHA) |
| Source of classification or shelving scheme |
|
| Koha item type |
Libros |
| Classification part |
342.7 |
| Item part |
MAR |